En defensa propia. (Registro nro. 355)
[ vista simple ]
| 000 -LEADER | |
|---|---|
| fixed length control field | 01298 am a2200361 a 4500 |
| 005 - FECHA ULTIMA MODIFICACION | |
| control field | 20231212123556.0 |
| 008 - CAMPO DE CONTROL (LIBRO) | |
| fixed length control field | 100610s1993||||ag d f |||| 001 0 spa d |
| 020 ## - INTERNATIONAL STANDARD BOOK NUMBER | |
| ISBN | 9500708884 |
| 041 ## - CODIGO DE IDIOMA | |
| Código de idioma del texto/pista de sonido o título separado | spa |
| 092 ## - SIGNATURA TOPOGRAFICA DEWEY LOCAL | |
| número de clasificación | 341.088 |
| libristica | 53 |
| sección | MOR |
| 100 1# - ENTRADA PRINCIPAL--NOMBRE PERSONAL | |
| Nombre personal | Moreno Ocampo, Luís. |
| 9 (RLIN) | 1238 |
| 245 03 - TITULO PROPIAMENTE DICHO | |
| Título | En defensa propia. |
| Subtítulo y Título paralelo | Cómo salir de la corrupción / |
| Mención de responsabilidad y remanente de la transcripción de la portada | Luis Moreno Ocampo. |
| 250 ## - MENCION DE EDICION | |
| Mención de edición | 2a ed. / |
| 260 ## - PIE DE IMPRENTA | |
| Lugar de publicación, distribución, etc | Buenos Aires: |
| Nombre de la editorial, distribuidor, etc | Sudamericana; |
| Fecha de publicación | 1993. |
| 300 ## - DESCRIPCION FISICA | |
| Extension | 397 p. |
| 500 ## - NOTA GENERAL | |
| Nota general | Moreno Ocampo, L. (1993). En defensa propia. Cómo salir de la corrupción. (2a ed.). Buenos Aires : Sudamericana. |
| 653 ## - TÉRMINO INDIZADO - PALABRAS CLAVES | |
| Palabra clave | Fondos públicos y vidas privadas |
| 653 ## - TÉRMINO INDIZADO - PALABRAS CLAVES | |
| Palabra clave | Sistemas informales de control |
| 653 ## - TÉRMINO INDIZADO - PALABRAS CLAVES | |
| Palabra clave | Poder de la autoridad. El dinero y la verdad |
| 653 ## - TÉRMINO INDIZADO - PALABRAS CLAVES | |
| Palabra clave | Democracia representativa impulsada por los medios |
| 653 ## - TÉRMINO INDIZADO - PALABRAS CLAVES | |
| Palabra clave | Breve historia de la corrupción |
| 653 ## - TÉRMINO INDIZADO - PALABRAS CLAVES | |
| Palabra clave | Corrupción trasnacional |
| 653 ## - TÉRMINO INDIZADO - PALABRAS CLAVES | |
| Palabra clave | Manejo de los fondos públicos |
| 653 ## - TÉRMINO INDIZADO - PALABRAS CLAVES | |
| Palabra clave | Actos, personas y sistemas corruptos |
| 653 ## - TÉRMINO INDIZADO - PALABRAS CLAVES | |
| Palabra clave | Hipercorrupción y subdesarrollo |
| 653 ## - TÉRMINO INDIZADO - PALABRAS CLAVES | |
| Palabra clave | Cultura de hipercorrupción |
| 653 ## - TÉRMINO INDIZADO - PALABRAS CLAVES | |
| Palabra clave | Poder hegemónico |
| 653 ## - TÉRMINO INDIZADO - PALABRAS CLAVES | |
| Palabra clave | Etica y educación |
| 653 ## - TÉRMINO INDIZADO - PALABRAS CLAVES | |
| Palabra clave | Reformas estructurales |
| 653 ## - TÉRMINO INDIZADO - PALABRAS CLAVES | |
| Palabra clave | Administración pública y corrupción |
| 930 ## - NUMERO DE INVENTARIO | |
| Número de inventario | 1712 |
| 942 ## - ADDED ENTRY ELEMENTS (KOHA) | |
| Source of classification or shelving scheme | Dewey Decimal Classification |
| Item type | Libros |
| Estado de retiro | Existencia | Estado general | No para prestamo | Ubicación permanente | ubicación actual | Sala de ubicación | Fecha de adquisición | Total Checkouts | Número de clasificación | Código de barras | Date last seen | Número de ejemplar | Price effective from | Koha tipo de elemento (item) |
|---|---|---|---|---|---|---|---|---|---|---|---|---|---|---|
| Biblioteca Medicina | Biblioteca Medicina | Circulación | 13/05/2011 | 341.088 53 MOR | 1712 | 06/11/2014 | ej.1 | 13/05/2011 | Libros |